| 000 | 00653nam a2200229 a 4500 | ||
|---|---|---|---|
| 005 | 20210219153054.0 | ||
| 008 | 991125n 000 0 u | ||
| 035 | _aUPN01000076384 | ||
| 100 | _aWardle, Francis | ||
| 222 | _aYOUNG CHILDREN | ||
| 245 | _aEndorsing children's differences : meeting the needs of adopted minority children | ||
| 300 | _a44-46 | ||
| 362 | _a45, No. 5, 1990 | ||
| 505 | _aFebrero 1991 | ||
| 653 | 0 | _aEDUCACION DE LA PRIMERA INFANCIA | |
| 653 | 0 | _aNECESIDADES INFANTILES | |
| 653 | 0 | _aHIJOS ADOPTADOS | |
| 653 | 0 | _aROL DEL MAESTRO | |
| 653 | 0 | _aTRAMITES DE ADOPCION | |
| 904 |
_aAC _b014195 |
||
| 905 | _aArticulo | ||
| 999 |
_c67757 _d67757 |
||